=LDR 00000nam 2200000 4500 =001 000887 =005 20250712115726 =035 ##$$a 0010-0725000765 =007 ta =008 250712################a##########0#ind## =020 ##$$a 978-623-307-240-3 =082 ##$$a 398. 209 598 =084 ##$$a 398. 209 598 SIS p =100 #$$a Siswati, Yovita =245 1#$$a Panen Istimewa /$c Yovita Siswati =250 ##$$a Cetakan Kedua =260 ##$$a Jakarta Timur :$b Badan Pengembangan dan Pembinaan Bahasa,$c 2024 =300 ##$$a 28 hlm. : $b Ilus. ; $c 29,7 cm =650 #4$$a Cerita Anak-Maluku =600 #4$$a Literasi-Bahan Bacaan =856 ##$$a TBM As-Suhada =990 ##$$a TBM202400620 =990 ##$$a TBM202400621